[Event "14MCR_F"]
[Site "?"]
[Date "1999.??.??"]
[Round "?"]
[White "Rybak, Milan"]
[Black "Pesr, Jaromir"]
[Result "0-1"]
[WhiteElo "2440"]
[BlackElo "2225"]
[PlyCount "72"]
[EventDate "1999.??.??"]
[EventType "corr"]
[SourceDate "2009.11.04"]

1. e4 c5 2. c3 Nf6 3. e5 Nd5 4. d4 cxd4 5. Nf3 Nc6 6. Bc4 Nb6 7. Bb3 d6 8. exd6
Qxd6 9. O-O g6 10. Ng5 e6 11. Qf3 Qe7 12. Ne4 f5 13. Ng5 Bg7 14. Re1 e5 15. Qg3
Bf6 16. Na3 dxc3 17. Nf7 e4 18. Bh6 Ne5 19. Nb5 Nxf7 20. Nc7+ Qxc7 21. Qxc7
Nxh6 22. f3 cxb2 23. Rad1 Bd7 24. fxe4 f4 25. Qxf4 Bg7 26. Qd6 Rf8 27. e5 Nf5
28. Qc7 Ne7 29. Rxd7 Nxd7 30. Ba4 Nc6 31. Qxb7 Rb8 32. Qxc6 Rf7 33. Qe6+ Kf8
34. Bb3 Rxb3 35. axb3 Bxe5 36. Rxe5 b1=Q+ 0-1

[Event "14MCR_F"]
[Site "?"]
[Date "1999.??.??"]
[Round "?"]
[White "Omelka, Roman"]
[Black "Rybak, Milan"]
[Result "1/2-1/2"]
[WhiteElo "2255"]
[BlackElo "2440"]
[PlyCount "52"]
[EventDate "1999.??.??"]
[EventType "corr"]
[SourceDate "2009.11.04"]

1. e4 e5 2. Nf3 Nc6 3. Bb5 f5 4. Nc3 fxe4 5. Nxe4 Nf6 6. Nxf6+ Qxf6 7. Qe2 Be7
8. Bxc6 dxc6 9. Nxe5 Bf5 10. O-O O-O 11. d4 Rae8 12. Be3 Bd6 13. f4 Bxe5 14.
dxe5 Qg6 15. Rf2 h5 16. Re1 h4 17. Qc4+ Kh7 18. Qa4 a6 19. c4 h3 20. g3 Rf7 21.
Qb4 b6 22. Rd2 c5 23. Qa4 Ref8 24. Qd1 Bg4 25. Qb1 Bf5 26. Qd1 Bg4 1/2-1/2

[Event "14MCR_F"]
[Site "?"]
[Date "1999.??.??"]
[Round "?"]
[White "Rybak, Milan"]
[Black "Matousek, Jan st."]
[Result "1-0"]
[WhiteElo "2440"]
[BlackElo "2285"]
[PlyCount "35"]
[EventDate "1999.??.??"]
[EventType "corr"]
[SourceDate "2009.11.04"]

1. e4 c5 2. c3 Nf6 3. e5 Nd5 4. d4 cxd4 5. Nf3 e6 6. cxd4 b6 7. Nc3 Nxc3 8.
bxc3 Qc7 9. Bd2 Bb7 10. Bd3 d6 11. O-O Nd7 12. Ng5 dxe5 13. Qh5 g6 14. Qh3 Be7
15. Rfe1 Rf8 16. Qxh7 Nf6 17. Qh3 exd4 18. Nxf7 1-0

[Event "14MCR_F"]
[Site "?"]
[Date "1999.??.??"]
[Round "?"]
[White "Matousek, Jan ml."]
[Black "Rybak, Milan"]
[Result "0-1"]
[WhiteElo "2290"]
[BlackElo "2440"]
[PlyCount "84"]
[EventDate "1999.??.??"]
[EventType "corr"]
[SourceDate "2009.11.04"]

1. d4 Nf6 2. c4 e6 3. Nc3 d5 4. Bg5 Be7 5. e3 O-O 6. Nf3 h6 7. Bh4 b6 8. cxd5
Nxd5 9. Bxe7 Qxe7 10. Nxd5 exd5 11. Bd3 Be6 12. Rc1 c5 13. dxc5 bxc5 14. O-O
Nd7 15. e4 d4 16. Nd2 Ne5 17. Qc2 Rab8 18. b3 Rfc8 19. Be2 Qd7 20. Nc4 Bxc4 21.
Bxc4 Nxc4 22. Qxc4 a5 23. Rfd1 a4 24. Qxa4 Qxa4 25. bxa4 Rb4 26. a5 Kf8 27. a3
Ra4 28. Kf1 Ke7 29. Rd3 Rc7 30. Ke2 Kd6 31. Rb3 Rxa5 32. f4 Re7 33. Kf3 f5 34.
exf5 Kd5 35. Kf2 c4 36. Rb8 c3 37. Rd8+ Kc4 38. Rd1 Rd5 39. Rc8+ Rc5 40. Rd8
Re4 41. Kf3 c2 42. Rc1 Kd3 0-1

[Event "14MCR_F"]
[Site "?"]
[Date "1999.??.??"]
[Round "?"]
[White "Rybak, Milan"]
[Black "Straka, Zdenek"]
[Result "1/2-1/2"]
[WhiteElo "2440"]
[BlackElo "2295"]
[PlyCount "44"]
[EventDate "1999.??.??"]
[EventType "corr"]
[SourceDate "2009.11.04"]

1. e4 e5 2. Nf3 Nc6 3. Bc4 Nf6 4. d4 exd4 5. e5 Ne4 6. Qe2 Nc5 7. O-O Ne6 8. c3
d5 9. exd6 Bxd6 10. Bg5 Be7 11. Bxe7 Qxe7 12. Re1 O-O 13. cxd4 Qb4 14. a3 Qb6
15. d5 Ned4 16. Qd1 Nxf3+ 17. Qxf3 Nd4 18. Qc3 Bf5 19. Rd1 Nb5 20. Qb4 Nd6 21.
Qxb6 axb6 22. Nd2 Rfe8 1/2-1/2

[Event "14MCR_F"]
[Site "?"]
[Date "1999.??.??"]
[Round "?"]
[White "Jandovsky, Viktor"]
[Black "Rybak, Milan"]
[Result "1/2-1/2"]
[WhiteElo "2315"]
[BlackElo "2440"]
[PlyCount "74"]
[EventDate "1999.??.??"]
[EventType "corr"]
[SourceDate "2009.11.04"]

1. e4 e5 2. Nf3 Nc6 3. Bb5 f5 4. Nc3 fxe4 5. Nxe4 Nf6 6. Nxf6+ Qxf6 7. Qe2 Be7
8. Bxc6 dxc6 9. Nxe5 Bf5 10. d4 O-O 11. O-O Rae8 12. f4 Bd6 13. Be3 Bxe5 14.
fxe5 Qg6 15. Rf2 Bg4 16. Qd2 Rxf2 17. Bxf2 c5 18. dxc5 Rxe5 19. Qd8+ Re8 20.
Qd5+ Be6 21. Qxb7 Qxc2 22. Qc6 Bf7 23. b4 Qb2 24. Rd1 Qc2 25. Rf1 Rf8 26. Bg3
Qd2 27. Qxc7 Qd4+ 28. Kh1 Qxb4 29. Qxa7 Qc4 30. Rg1 Bd5 31. h3 Qe4 32. a4 h6
33. a5 Kh7 34. c6 Rf1 35. Kh2 Rc1 36. c7 Rc2 37. Bf2 Qf4+ 1/2-1/2

[Event "14MCR_F"]
[Site "?"]
[Date "1999.??.??"]
[Round "?"]
[White "Rybak, Milan"]
[Black "Ptak, Pavel"]
[Result "1-0"]
[WhiteElo "2440"]
[BlackElo "2330"]
[PlyCount "63"]
[EventDate "1999.??.??"]
[EventType "corr"]
[SourceDate "2009.11.04"]

1. e4 e6 2. d4 d5 3. Nd2 Nc6 4. Ngf3 Nf6 5. e5 Nd7 6. Nb3 a5 7. a4 b6 8. h4 h6
9. Bb5 Ncb8 10. Rh3 c6 11. Be2 Ba6 12. Rg3 Bxe2 13. Qxe2 Qc8 14. h5 Qa6 15. Be3
Qxe2+ 16. Kxe2 Na6 17. Ne1 f6 18. f4 Kf7 19. Nf3 c5 20. Nh4 Be7 21. Ng6 Rhe8
22. c4 Bd8 23. Rd1 Rb8 24. dxc5 bxc5 25. cxd5 exd5 26. Rxd5 Nb6 27. Rd6 Bc7 28.
Rc6 Nxa4 29. Rxa6 Rxb3 30. e6+ Kg8 31. Nh4 Rxb2+ 32. Kf3 1-0

[Event "14MCR_F"]
[Site "?"]
[Date "1999.??.??"]
[Round "?"]
[White "Rybak, Milan"]
[Black "Ramik, Jiri"]
[Result "1/2-1/2"]
[WhiteElo "2440"]
[BlackElo "2345"]
[PlyCount "22"]
[EventDate "1999.??.??"]
[EventType "corr"]
[SourceDate "2009.11.04"]

1. e4 c6 2. d4 d5 3. Nd2 dxe4 4. Nxe4 Bf5 5. Ng3 Bg6 6. h4 h6 7. Nh3 Nf6 8. Nf4
Bh7 9. Bc4 e6 10. Bb3 Bd6 11. O-O O-O 1/2-1/2